000 00435nam a2200181Ia 4500
001 12157
003 IN-NITTTR
005 20251114233114.0
008 251113s9999||||xx |||||||||||||| ||eng||
040 _beng
040 _cIN-NITTTR
041 _aeng
082 _a658 P162S
100 _aPaine, Frank T.
245 0 _aStrategic management /
_cPaine, Frank T., Anderson, Carl R
700 _a Anderson, Carl R
942 _2ddc
_cBK
999 _c14793
_d14793